Normal view
MARC view
- التربية البدنية - التربية الرياضية -الالعاب الاولمبية - تنظيم وادارة
Entry Topical Term
001 - CONTROL NUMBER
- control field: 10245
003 - CONTROL NUMBER IDENTIFIER
- control field: JO-AjAnu
005 - DATE AND TIME OF LATEST TRANSACTION
- control field: 20230606071939.0
008 - FIXED-LENGTH DATA ELEMENTS
- fixed length control field: 230606|| aca||aabn | a|a d
040 ## - CATALOGING SOURCE
- Original cataloging agency: JO-AjAnu
- Transcribing agency: JO-AjAnu
150 ## - HEADING--TOPICAL TERM
- Topical term or geographic name entry element: التربية البدنية - التربية الرياضية -الالعاب الاولمبية - تنظيم وادارة
670 ## - SOURCE DATA FOUND
- Source citation: Work cat.: (JO-AjAnu)5276: بدوي، عصام, author 10244, التنظيم والإدارة في التربية البدنية والرياضية: تنظيم وادارة الالعاب الأولمبية